路線網のシルエットクイズ(関東地方) - Statistics

General Stats
  • This quiz has been taken 833 times
  • The average score is 10 of 12
Answer Stats
Picture Answer % Correct
東京地下鉄
99%
東武鉄道
92%
小田急電鉄
90%
西武鉄道
89%
京浜急行電鉄
88%
東京都交通局
87%
京成電鉄
85%
東急電鉄
85%
京王電鉄
83%
横浜市営地下鉄
78%
相模鉄道
70%
関東鉄道
57%
No matching quizzes found
Score Distribution
Percent of People with Each Score
Percentile by Number Answered
Your Score History
You have not taken this quiz